[Event "Champ FRA - Under 12"]
[Site "Europe Echecs"]
[Date "2020.07.08"]
[Round "2"]
[White "LucaseudelineA"]
[Black "CabasseLoiseau"]
[Result "1-0"]
[WhiteElo "1167"]
[BlackElo "999"]
[PlyCount "37"]
[EventDate "2020.??.??"]

1. d4 Nc6 2. Nf3 e6 3. g3 Nf6 4. Bg2 Bd6 5. c4 b6 6. O-O Bb7 7. Bg5 O-O 8. Nc3
Ba6 9. b3 Bb5 10. cxb5 Nb4 11. Ne5 Nbd5 12. Nxd5 exd5 13. Bxd5 h6 14. Bxa8 Qxa8
15. Bxf6 gxf6 16. Nxd7 Rd8 17. Nxf6+ Kf8 18. Qd2 Be7 19. Qxh6# {CabasseLoiseau
est échec et mat} 1-0

[Event "Champ FRA - Under 12"]
[Site "Europe Echecs"]
[Date "2020.07.08"]
[Round "2"]
[White "DumasGustave"]
[Black "CastagnerolThi"]
[Result "0-1"]
[WhiteElo "999"]
[BlackElo "1165"]
[PlyCount "74"]
[EventDate "2020.??.??"]

1. d4 d5 2. c4 Nf6 3. cxd5 Nxd5 4. e4 Nf6 5. Nc3 e6 6. Nf3 Bb4 7. Qa4+ Nc6 8.
Bb5 Bxc3+ 9. bxc3 Bd7 10. Bg5 a6 11. Bxf6 Qxf6 12. Bxc6 Bxc6 13. Qc2 O-O 14.
O-O Rfd8 15. Ne5 Bd7 16. Qb3 b6 17. a4 Qe7 18. a5 Rdb8 19. axb6 Rxb6 20. Qc4
Bb5 21. Qa2 Bxf1 22. Rxf1 f6 23. Nc4 Rc6 24. Na5 Rxc3 25. Qb2 Ra3 26. Nc6 Qf8
27. Qb7 Rc3 28. Qxc7 Kh8 29. Qd7 Rc8 30. Ne7 R8c7 31. Qxe6 Qxe7 32. Qxa6 Qxe4
33. Qd6 Qe8 34. f3 Rc1 35. Kf2 Rxf1+ 36. Kxf1 Rc1+ 37. Kf2 Qe1# {DumasGustave
est échec et mat} 0-1

[Event "Champ FRA - Under 12"]
[Site "Europe Echecs"]
[Date "2020.07.08"]
[Round "2"]
[White "LedjamAlbin"]
[Black "GleyzeLalie"]
[Result "1-0"]
[WhiteElo "1165"]
[BlackElo "999"]
[PlyCount "27"]
[EventDate "2020.??.??"]

1. Nf3 Nf6 2. c4 e5 3. Nxe5 d6 4. Nf3 Nc6 5. d4 d5 6. cxd5 Nxd4 7. Qxd4 Nxd5 8.
e4 Bd7 9. Qxd5 Bb4+ 10. Bd2 Rf8 11. Qe5+ Be6 12. Bxb4 Qd7 13. Qxg7 Bg4 14.
Qxf8# {GleyzeLalie est échec et mat} 1-0

[Event "Champ FRA - Under 12"]
[Site "Europe Echecs"]
[Date "2020.07.08"]
[Round "2"]
[White "LetouxneeceTra"]
[Black "LoszycerSasha"]
[Result "0-1"]
[WhiteElo "999"]
[BlackElo "1162"]
[PlyCount "102"]
[EventDate "2020.??.??"]

1. e4 d6 2. Nf3 g6 3. Nc3 Bg7 4. Bc4 Nf6 5. d3 O-O 6. Bg5 e5 7. Bxf6 Bxf6 8. g3
Bg7 9. Ng5 Nc6 10. Qf3 Qxg5 11. h4 Qe7 12. Nd5 Qd7 13. c3 Ne7 14. Nxe7+ Qxe7
15. g4 Be6 16. h5 Bxc4 17. hxg6 fxg6 18. Qh3 h6 19. dxc4 Qf7 20. Kd2 Qxc4 21.
b3 Qxe4 22. f3 Qxf3 23. Qxf3 Rxf3 24. Rhf1 Rxf1 25. Rxf1 h5 26. gxh5 gxh5 27.
Rh1 Rf8 28. Rxh5 a5 29. Rh4 Rf2+ 30. Ke3 Rxa2 31. Kd3 Bf6 32. Ra4 Rxa4 33. bxa4
b6 34. Kc4 Bd8 35. Kb5 Kf7 36. Kc6 Ke7 37. Kb7 e4 38. Kc6 e3 39. Kd5 e2 40. c4
e1=Q 41. c5 dxc5 42. Kc6 Qe6+ 43. Kb5 Qd7+ 44. Kc4 c6 45. Kb3 b5 46. axb5 cxb5
47. Ka3 Qd4 48. Kb3 Ke6 49. Kc2 Bf6 50. Kb3 Qc3+ 51. Ka2 Qb2# {LetouxneeceTra
est échec et mat} 0-1

[Event "Champ FRA - Under 12"]
[Site "Europe Echecs"]
[Date "2020.07.08"]
[Round "2"]
[White "BriguetRemi"]
[Black "LagrangePereir"]
[Result "1-0"]
[WhiteElo "1160"]
[BlackElo "999"]
[PlyCount "59"]
[EventDate "2020.??.??"]

1. d4 d5 2. e4 dxe4 3. f3 exf3 4. Nxf3 Nf6 5. Bc4 h6 6. Ne5 Be6 7. Bxe6 fxe6 8.
Nc3 Nc6 9. Nxc6 bxc6 10. Bf4 g6 11. Qf3 Nd5 12. Nxd5 exd5 13. O-O-O Bg7 14.
Rhe1 O-O 15. Qg4 g5 16. Be5 Bxe5 17. Rxe5 Kg7 18. Rde1 Rf7 19. Qe2 Kf8 20. Qh5
Kg7 21. Qe2 Kf8 22. Qd3 Kg7 23. Qa6 Qd6 24. Qb7 Raf8 25. Qxa7 Rf2 26. Rxe7+
R8f7 27. Rxf7+ Kxf7 28. Qb8 Kg7 29. Qe8 Qd7 30. Qxd7+ {LagrangePereir a
abandonné} 1-0

[Event "Champ FRA - Under 12"]
[Site "Europe Echecs"]
[Date "2020.07.08"]
[Round "2"]
[White "SicartAugustin"]
[Black "PoyetClemence"]
[Result "0-1"]
[WhiteElo "999"]
[BlackElo "1160"]
[PlyCount "104"]
[EventDate "2020.??.??"]

1. d4 d5 2. Bf4 Nf6 3. e3 Nc6 4. Nf3 Bf5 5. Be2 e6 6. Nc3 Bb4 7. h4 O-O 8. a3
Bxc3+ 9. bxc3 Qd7 10. O-O a5 11. Qb1 b6 12. Bb5 Rab8 13. Ra2 Nh5 14. Bg5 h6 15.
Bf4 Nxf4 16. exf4 Qd6 17. a4 Be4 18. Ne1 Ne7 19. Qd1 Qxf4 20. Bd3 Qxh4 21. Bxe4
dxe4 22. g3 Qg5 23. f4 Qd5 24. c4 Qxc4 25. c3 Qxa2 26. Ng2 Nd5 27. c4 Nc3 28.
Qf3 Nxa4 29. Qg4 Nc3 30. Rf2 Qa1+ 31. Kh2 Qc1 32. d5 exd5 33. cxd5 e3 34. Rf3
e2 35. Qd7 e1=Q 36. Nxe1 Qxe1 37. Rxc3 b5 38. Rc5 b4 39. Rxa5 b3 40. Rb5 Rxb5
41. Qxb5 Qd1 42. d6 cxd6 43. Qf5 b2 44. g4 b1=Q 45. Kh3 Qxf5 46. gxf5 g6 47.
fxg6 fxg6 48. Kh4 g5+ 49. fxg5 hxg5+ 50. Kxg5 Qg1+ 51. Kh4 Rf7 52. Kh5 Rh7# {
SicartAugustin est échec et mat} 0-1

[Event "Champ FRA - Under 12"]
[Site "Europe Echecs"]
[Date "2020.07.08"]
[Round "2"]
[White "GuillouPaul"]
[Black "MayJoani"]
[Result "1-0"]
[WhiteElo "1157"]
[BlackElo "999"]
[PlyCount "33"]
[EventDate "2020.??.??"]

1. d4 d5 2. c4 dxc4 3. Nc3 Nf6 4. e4 e6 5. e5 Nd5 6. Bxc4 Nxc3 7. bxc3 Nc6 8.
Nf3 g6 9. Bg5 Qd7 10. Bf6 Rg8 11. O-O Be7 12. Bxe7 Qxe7 13. Bb5 Bd7 14. Rb1
O-O-O 15. Qa4 a6 16. Bxa6 Nb8 17. Bxb7# {MayJoani est échec et mat} 1-0

[Event "Champ FRA - Under 12"]
[Site "Europe Echecs"]
[Date "2020.07.08"]
[Round "2"]
[White "VandenbusscheT"]
[Black "SaelenTitouan"]
[Result "1/2-1/2"]
[WhiteElo "999"]
[BlackElo "1152"]
[PlyCount "149"]
[EventDate "2020.??.??"]

1. d4 d5 2. Bg5 Nc6 3. Nf3 Nf6 4. Nc3 e6 5. e3 Be7 6. Bf4 O-O 7. Nb5 Bd6 8.
Nxd6 cxd6 9. Bb5 a6 10. Bd3 b5 11. O-O Bb7 12. Re1 Re8 13. e4 dxe4 14. Bxe4
Nxe4 15. Rxe4 d5 16. Re1 h6 17. b3 Qf6 18. Ne5 Nxe5 19. Bxe5 Qg5 20. Qe2 f6 21.
Bd6 e5 22. dxe5 d4 23. g3 fxe5 24. Bxe5 Rac8 25. Bf4 Qxf4 26. gxf4 Rxe2 27.
Rxe2 Bf3 28. Rd2 Kf7 29. Rd3 Be4 30. Rxd4 Bxc2 31. Rc1 Rc6 32. Rd7+ Kf6 33. Rd2
Kf7 34. Rcxc2 Rg6+ 35. Kf1 Rf6 36. Rc7+ Kg8 37. Rd8+ Kh7 38. a4 bxa4 39. bxa4
Rxf4 40. a5 Ra4 41. Rc5 Kg6 42. Ke2 Kf6 43. Kd3 Ke6 44. Kc3 Ke7 45. Ra8 Kd6 46.
Rh5 Ra3+ 47. Kb4 Ra2 48. Rf5 g6 49. Rc5 Rb2+ 50. Kc4 Rc2+ 51. Kd4 Rxc5 52.
Rxa6+ Rc6 53. Ra7 Rc2 54. a6 Rd2+ 55. Kc3 Rxf2 56. Rb7 Rf3+ 57. Kd2 Ra3 58.
Rb6+ Kc7 59. Rxg6 h5 60. Rg7+ Kb6 61. a7 Rxa7 62. Rxa7 Kxa7 63. Ke3 Kb6 64. Kf4
Kc6 65. Kg5 Kd6 66. Kxh5 Ke6 67. Kg4 Kf7 68. h4 Kg6 69. h5+ Kh7 70. Kg5 Kg7 71.
h6+ Kh7 72. Kh5 Kh8 73. Kg6 Kg8 74. h7+ Kh8 75. Kh6 {Nulle par pat} 1/2-1/2

[Event "Champ FRA - Under 12"]
[Site "Europe Echecs"]
[Date "2020.07.08"]
[Round "2"]
[White "SalahYanis"]
[Black "RelautPaul"]
[Result "1-0"]
[WhiteElo "1148"]
[BlackElo "999"]
[PlyCount "83"]
[EventDate "2020.??.??"]

1. e4 e5 2. Bc4 Nf6 3. Nc3 Nc6 4. Nf3 Bb4 5. d3 Bxc3+ 6. bxc3 O-O 7. d4 d6 8.
Ba3 Be6 9. Bxe6 fxe6 10. Ng5 h6 11. Nxe6 Qd7 12. Nxf8 Rxf8 13. Qd3 exd4 14.
cxd4 Re8 15. f3 a6 16. Qc4+ Re6 17. d5 Na5 18. Qc3 Re7 19. Qxa5 c5 20. O-O Qb5
21. Qxb5 axb5 22. Rab1 b4 23. Bb2 b5 24. Bxf6 gxf6 25. Rfc1 Ra7 26. c3 Rxa2 27.
cxb4 cxb4 28. Rxb4 Ra5 29. Rc7 Kf8 30. Rb7 Ke8 31. R7xb5 Ra1+ 32. Kf2 Ra2+ 33.
Kg3 Kf7 34. Kg4 Kg6 35. Rb7 Rxg2+ 36. Kh3 Rg5 37. f4 Rh5+ 38. Kg2 f5 39. exf5+
Kxf5 40. Rf7+ Kg4 41. Rg7+ Kh4 42. f5# {RelautPaul est échec et mat} 1-0

[Event "Champ FRA - Under 12"]
[Site "Europe Echecs"]
[Date "2020.07.08"]
[Round "2"]
[White "AllainGaston"]
[Black "DemaimayOscar"]
[Result "0-1"]
[WhiteElo "799"]
[BlackElo "1141"]
[PlyCount "36"]
[EventDate "2020.??.??"]

1. c4 d6 2. Nc3 Nc6 3. g3 Bf5 4. Bg2 Nd4 5. Nf3 Nc2+ 6. Kf1 Nxa1 7. Nd5 e6 8.
Qa4+ c6 9. Ne3 Nf6 10. Nxf5 exf5 11. Bh3 Qe7 12. Bxf5 g6 13. Bh3 Bg7 14. Nd4
O-O 15. Qa3 Rfe8 16. Nb3 Qxe2+ 17. Kg1 Ne4 18. Nd4 Qxf2# {AllainGaston est
échec et mat} 0-1

[Event "Champ FRA - Under 12"]
[Site "Europe Echecs"]
[Date "2020.07.08"]
[Round "2"]
[White "CrouzierSimon"]
[Black "SubkhanberdinJ"]
[Result "1-0"]
[WhiteElo "1140"]
[BlackElo "999"]
[PlyCount "33"]
[EventDate "2020.??.??"]

1. e4 c5 2. Nf3 e6 3. Bc4 Nf6 4. e5 d5 5. Bb5+ Nfd7 6. O-O Nc6 7. d4 c4 8. b3
Nb6 9. bxc4 dxc4 10. a4 Nd5 11. Bg5 f6 12. exf6 gxf6 13. Bh4 Bd6 14. h3 e5 15.
dxe5 Bxe5 16. Nxe5 fxe5 17. Qh5+ {SubkhanberdinJ a abandonné} 1-0

[Event "Champ FRA - Under 12"]
[Site "Europe Echecs"]
[Date "2020.07.08"]
[Round "2"]
[White "MechoulanDanie"]
[Black "DuportailIdris"]
[Result "0-1"]
[WhiteElo "1140"]
[BlackElo "960"]
[PlyCount "78"]
[EventDate "2020.??.??"]

1. Nf3 d5 2. g3 Nc6 3. Bg2 Nf6 4. d3 Bf5 5. O-O d4 6. c4 e5 7. e4 Bg4 8. h3
Bxf3 9. Bxf3 Qd7 10. Bg5 Be7 11. Bxf6 Bxf6 12. Nd2 Qxh3 13. Bg2 Qh6 14. Re1
O-O-O 15. Nf3 g5 16. g4 Qg6 17. Kf1 h5 18. gxh5 Qxh5 19. Qe2 Qg6 20. Red1 g4
21. Nd2 Rdg8 22. Ke1 Qh5 23. Rdc1 Qh2 24. f3 gxf3 25. Nxf3 Bh4+ 26. Kd1 Rxg2
27. Nxh2 Rxe2 28. Kxe2 Rg8 29. Rh1 Rg2+ 30. Kd1 Nb4 31. a3 Nxd3 32. Rf1 Bg5 33.
Nf3 Nxb2+ 34. Ke1 Nd3+ 35. Kd1 Be3 36. a4 Nb2+ 37. Ke1 f5 38. c5 fxe4 39. Nxe5
Bd2# {MechoulanDanie est échec et mat} 0-1

[Event "Champ FRA - Under 12"]
[Site "Europe Echecs"]
[Date "2020.07.08"]
[Round "2"]
[White "BertLisa"]
[Black "BaronSacha"]
[Result "1-0"]
[WhiteElo "1133"]
[BlackElo "799"]
[PlyCount "43"]
[EventDate "2020.??.??"]

1. e4 e5 2. Nf3 Nf6 3. Nc3 Nc6 4. Bc4 Bc5 5. O-O O-O 6. d3 d6 7. Bg5 h6 8. Bh4
Bg4 9. h3 Bh5 10. Nd5 Nd4 11. Nxf6+ gxf6 12. g4 Nxf3+ 13. Qxf3 Bg6 14. Bxf6 Qe8
15. h4 h5 16. gxh5 b5 17. Bb3 Bh7 18. Qg4+ Bg6 19. hxg6 Qe6 20. Bxe6 fxe6 21.
Qxe6+ Rf7 22. Qxf7# {BaronSacha est échec et mat} 1-0

[Event "Champ FRA - Under 12"]
[Site "Europe Echecs"]
[Date "2020.07.08"]
[Round "3"]
[White "MateriaMarco"]
[Black "FernandesMerle"]
[Result "1-0"]
[WhiteElo "2269"]
[BlackElo "1461"]
[PlyCount "101"]
[EventDate "2020.??.??"]

1. Nf3 Nf6 2. c4 Nc6 3. Nc3 e5 4. d3 Bc5 5. g3 h6 6. Bg2 d6 7. O-O O-O 8. Na4
Bb6 9. Nxb6 axb6 10. a3 Ne7 11. Bd2 c5 12. Bc3 Ng6 13. Nd2 Bd7 14. Bxb7 Rb8 15.
Bg2 b5 16. b4 bxc4 17. Nxc4 Bb5 18. bxc5 dxc5 19. Nxe5 Nxe5 20. Bxe5 Rb6 21.
Rc1 Qe7 22. Bc3 Ra6 23. Qb3 Rb6 24. a4 Qxe2 25. axb5 Qxd3 26. Rfd1 Qxb5 27.
Qxb5 Rxb5 28. Bxf6 gxf6 29. Rd5 Rc8 30. Bf1 Ra5 31. Rd7 Ra4 32. Bc4 Rf8 33. Rc7
Ra5 34. Bd5 Kg7 35. Kg2 Kg6 36. R1xc5 Rxc5 37. Rxc5 Rd8 38. Be4+ Kg7 39. Rc7
Rd4 40. Bc2 Rb4 41. Bd3 Rd4 42. Bc4 f5 43. Bxf7 Kf6 44. Bb3 Rb4 45. Bc2 Rb2 46.
Rc5 f4 47. gxf4 Rb4 48. Kg3 Rb8 49. Rc6+ Kg7 50. Rg6+ Kh7 51. Rb6+ {
FernandesMerle a abandonné} 1-0

[Event "Champ FRA - Under 12"]
[Site "Europe Echecs"]
[Date "2020.07.08"]
[Round "3"]
[White "CiarlettaIris"]
[Black "KuhnClement"]
[Result "0-1"]
[WhiteElo "1493"]
[BlackElo "2150"]
[PlyCount "118"]
[EventDate "2020.??.??"]

1. d4 d5 2. c4 c6 3. Nc3 Nf6 4. Bg5 e6 5. e3 Be7 6. Nf3 O-O 7. Qc2 h6 8. Bf4
Nbd7 9. a3 dxc4 10. Bxc4 b5 11. Ba2 Bb7 12. O-O Qb6 13. Ne5 c5 14. Bb1 Rfd8 15.
Nxd7 Rxd7 16. Be5 g6 17. Bxf6 Bxf6 18. dxc5 Qxc5 19. Ne4 Qe5 20. f4 Qxb2 21.
Ra2 Qxc2 22. Nxf6+ Kg7 23. Nh5+ gxh5 24. Rxc2 Rad8 25. Rb2 Rd2 26. Rf2 Rd1+ 27.
Rf1 a6 28. f5 exf5 29. Bxf5 Kf6 30. Rbf2 Ke5 31. Bc2 Rxf1+ 32. Kxf1 f6 33. Rf5+
Ke6 34. Rxh5 Bxg2+ 35. Kxg2 Rd2+ 36. Kf3 Rxc2 37. Rxh6 Ra2 38. Rh8 Rxa3 39. h4
b4 40. h5 b3 41. h6 Kf7 42. Rb8 Kg6 43. Rb6 Kxh6 44. Rxf6+ Kg5 45. Rb6 a5 46.
Rb5+ Kf6 47. Kf4 Ra4+ 48. e4 Rb4 49. Rxa5 b2 50. Ra6+ Ke7 51. Ra7+ Kd6 52. Ke3
b1=Q 53. e5+ Kxe5 54. Re7+ Kd6 55. Re6+ Kxe6 56. Kd2 Qa2+ 57. Kc3 Qa3+ 58. Kc2
Rb2+ 59. Kc1 Qa1# {CiarlettaIris est échec et mat} 0-1

[Event "Champ FRA - Under 12"]
[Site "Europe Echecs"]
[Date "2020.07.08"]
[Round "3"]
[White "BreuilTristan"]
[Black "GhazaryanGor"]
[Result "1-0"]
[WhiteElo "1898"]
[BlackElo "1431"]
[PlyCount "85"]
[EventDate "2020.??.??"]

1. e4 c5 2. Nf3 d6 3. d4 cxd4 4. Nxd4 g6 5. Nc3 Bg7 6. Be3 Nc6 7. Qd2 Bd7 8. f3
Nf6 9. O-O-O a5 10. g4 Rb8 11. g5 Nh5 12. Ndb5 O-O 13. Nd5 b6 14. Qf2 Nb4 15.
Bxb6 Rxb6 16. Nxb6 Bxb5 17. Bxb5 Qc7 18. Nd5 Nxd5 19. exd5 Rb8 20. a4 Nf4 21.
Qe3 Be5 22. Kb1 Qb7 23. c4 Qc8 24. Qe4 Qc5 25. Qc2 Qb4 26. Ka2 e6 27. dxe6 Nxe6
28. Qb3 Qc5 29. Rhe1 Nd4 30. Qd3 Qb4 31. f4 Rxb5 32. cxb5 Qxa4+ 33. Kb1 Bg7 34.
Re8+ Bf8 35. Qxd4 Qxd4 36. Rxd4 Kg7 37. Rxf8 Kxf8 38. b6 Ke7 39. b7 Kd8 40.
b8=Q+ Kd7 41. Qxd6+ Ke8 42. Qf6 Kf8 43. Rd8# {GhazaryanGor est échec et mat}
1-0

[Event "Champ FRA - Under 12"]
[Site "Europe Echecs"]
[Date "2020.07.08"]
[Round "3"]
[White "TranKyLan"]
[Black "ValleeLouis"]
[Result "1/2-1/2"]
[WhiteElo "1467"]
[BlackElo "1864"]
[PlyCount "88"]
[EventDate "2020.??.??"]

1. d4 d5 2. c4 c6 3. cxd5 cxd5 4. g3 Nf6 5. Bg2 Nc6 6. Nc3 Bf5 7. Nf3 e6 8. O-O
Be7 9. Bf4 O-O 10. Ne5 Nxe5 11. Bxe5 Rc8 12. a3 Qb6 13. Qd2 Qb3 14. Rfe1 a6 15.
Rac1 b5 16. e4 dxe4 17. Nxe4 Nxe4 18. Bxe4 Bxe4 19. Rxe4 b4 20. Rxc8 Rxc8 21.
axb4 Qxb4 22. Qe2 Qc4 23. Qd2 Qc1+ 24. Qxc1 Rxc1+ 25. Kg2 Rc2 26. b3 Bg5 27.
Bf4 Bxf4 28. Rxf4 Rb2 29. Rf3 Kf8 30. Rc3 Ke7 31. Rc6 Ra2 32. Rc7+ Ke8 33. Ra7
a5 34. b4 a4 35. b5 Kd8 36. b6 Kc8 37. Rxf7 Rb2 38. Rxg7 Rxb6 39. Ra7 Rb4 40.
Rxh7 Rxd4 41. Ra7 Kb8 42. Ra5 Kb7 43. h4 Kb6 44. Ra8 Kb5 {Nulle par accord
mutuel} 1/2-1/2

[Event "Champ FRA - Under 12"]
[Site "Europe Echecs"]
[Date "2020.07.08"]
[Round "3"]
[White "BOUMRARAyrad"]
[Black "GeronimiJeanTh"]
[Result "0-1"]
[WhiteElo "1431"]
[BlackElo "1827"]
[PlyCount "156"]
[EventDate "2020.??.??"]

1. d4 Nf6 2. c4 e6 3. Nf3 d5 4. g3 b6 5. Bg2 Bb7 6. Ne5 Nbd7 7. O-O c5 8. Nc3
cxd4 9. Nxd7 Qxd7 10. Qxd4 Bc5 11. Qd1 Rd8 12. cxd5 Nxd5 13. Nxd5 Bxd5 14. Bg5
Bxg2 15. Qxd7+ Rxd7 16. Kxg2 h6 17. Bf4 O-O 18. Rfd1 Rfd8 19. Rxd7 Rxd7 20. a3
g5 21. Be5 Rd2 22. b4 Rxe2 23. bxc5 Rxe5 24. cxb6 axb6 25. Rb1 b5 26. Kf3 f5
27. Rb3 g4+ 28. Kg2 Kf8 29. h3 h5 30. hxg4 hxg4 31. Rc3 Ke7 32. f4 Re2+ 33. Kf1
Rb2 34. Rd3 b4 35. axb4 Rxb4 36. Kf2 Rb8 37. Ke3 Rd8 38. Ra3 Kf6 39. Ra6 Rh8
40. Ra3 Rh3 41. Kd4 Rh2 42. Ke3 Rg2 43. Kd4 Re2 44. Kd3 Re4 45. Rb3 Ra4 46. Ke3
Ra6 47. Kd3 e5 48. Ke3 e4 49. Rc3 Ke6 50. Rb3 Rc6 51. Kd4 Rd6+ 52. Ke3 Ra6 53.
Rc3 Kd5 54. Rb3 Kc4 55. Rb8 Ra3+ 56. Kf2 Ra2+ 57. Kf1 e3 58. Rb1 Kd3 59. Rc1
Kd2 60. Rb1 Kd3 61. Ke1 Ke4 62. Kf1 Kf3 63. Kg1 Kxg3 64. Kh1 Kxf4 65. Kg1 Kg3
66. Kh1 f4 67. Kg1 f3 68. Kh1 Rh2+ 69. Kg1 f2+ 70. Kf1 Rh1+ 71. Ke2 Rxb1 72.
Kxe3 f1=Q 73. Ke4 Rb4+ 74. Kd5 Qf5+ 75. Kc6 Re4 76. Kd6 Re6+ 77. Kd7 Qf7+ 78.
Kd8 Re8# {BOUMRARAyrad est échec et mat} 0-1

[Event "Champ FRA - Under 12"]
[Site "Europe Echecs"]
[Date "2020.07.08"]
[Round "3"]
[White "TrevisiolAntoi"]
[Black "LovichiRaphael"]
[Result "1-0"]
[WhiteElo "1788"]
[BlackElo "1406"]
[PlyCount "73"]
[EventDate "2020.??.??"]

1. d4 Nf6 2. c4 e6 3. Nf3 Bb4+ 4. Bd2 Qe7 5. g3 O-O 6. Bg2 Bxd2+ 7. Nbxd2 d6 8.
O-O Nbd7 9. e4 e5 10. Qc2 b6 11. Rae1 Bb7 12. d5 Rac8 13. Nh4 g6 14. Bh3 Rfd8
15. Bxd7 Rxd7 16. f4 exf4 17. Rxf4 Nh5 18. Rf2 a5 19. Ref1 Qe5 20. Ndf3 Qe7 21.
Nd4 Qe5 22. Nhf3 Qe7 23. Nd2 Qg5 24. Qc3 Re8 25. Kg2 Qe5 26. Qe3 Ba8 27. b3 Bb7
28. N4f3 Qe7 29. Ng5 f5 30. Ne6 Ng7 31. exf5 Nxf5 32. Rxf5 gxf5 33. Kg1 Qf6 34.
Ne4 Qe5 35. Qg5+ Kh8 36. Nf6 Ree7 37. Qg8# {LovichiRaphael est échec et mat}
1-0

[Event "Champ FRA - Under 12"]
[Site "Europe Echecs"]
[Date "2020.07.08"]
[Round "3"]
[White "LamagaSacha"]
[Black "VuDinhAdrien"]
[Result "0-1"]
[WhiteElo "1430"]
[BlackElo "1740"]
[PlyCount "112"]
[EventDate "2020.??.??"]

1. e4 e5 2. Nf3 Nc6 3. Bc4 Nf6 4. Nc3 Nxe4 5. O-O Nxc3 6. dxc3 f6 7. Re1 Qe7 8.
Nd4 d6 9. Bb5 Bd7 10. Nxc6 Bxc6 11. Bxc6+ bxc6 12. Qh5+ g6 13. Qf3 d5 14. Bf4
Bg7 15. Qe2 O-O 16. Qd2 Qd7 17. Bh6 Rab8 18. Bxg7 Kxg7 19. b3 c5 20. c4 c6 21.
Rad1 Rfd8 22. cxd5 cxd5 23. Re4 Rb7 24. Ra4 Qc6 25. c4 Rbd7 26. cxd5 Rxd5 27.
Rxa7+ Kg8 28. Qxd5+ Rxd5 29. Rxd5 Qxd5 30. g3 c4 31. bxc4 Qxc4 32. a4 Qc5 33.
Ra8+ Kg7 34. Rd8 Qa7 35. a5 Qxa5 36. Rd7+ Kh6 37. Rd1 e4 38. Kg2 Qa8 39. Re1
e3+ 40. Kg1 exf2+ 41. Kxf2 Qa2+ 42. Re2 Qa7+ 43. Kg2 f5 44. Rf2 Qb7+ 45. Kg1
Kg5 46. h4+ Kg4 47. Rg2 Qb3 48. Kh2 Qe3 49. Rg1 f4 50. gxf4+ Kxh4 51. Rf1 Qh3+
52. Kg1 Kg3 53. Rf2 Qc8 54. f5 Qc5 55. Kh1 Qxf2 56. fxg6 Qf1# {LamagaSacha est
échec et mat} 0-1

[Event "Champ FRA - Under 12"]
[Site "Europe Echecs"]
[Date "2020.07.08"]
[Round "3"]
[White "LissillourBapt"]
[Black "GuilloudRemi"]
[Result "1-0"]
[WhiteElo "1731"]
[BlackElo "1352"]
[PlyCount "41"]
[EventDate "2020.??.??"]

1. d4 f5 2. e4 fxe4 3. Nc3 g6 4. Nxe4 Nf6 5. Nxf6+ exf6 6. Nf3 Bg7 7. Bd3 d6 8.
O-O O-O 9. c3 Nd7 10. Re1 f5 11. Bc4+ Kh8 12. Ng5 Qf6 13. Ne6 c6 14. Bg5 Qf7
15. Qe2 Re8 16. Nd8 Rxe2 17. Nxf7+ Kg8 18. Nxd6+ Kf8 19. Rxe2 Bf6 20. Bh6+ Bg7
21. Re8# {GuilloudRemi est échec et mat} 1-0

[Event "Champ FRA - Under 12"]
[Site "Europe Echecs"]
[Date "2020.07.08"]
[Round "3"]
[White "GardeGuillaume"]
[Black "FolioPierre"]
[Result "1-0"]
[WhiteElo "1716"]
[BlackElo "1349"]
[PlyCount "119"]
[EventDate "2020.??.??"]

1. e4 c5 2. Nc3 Nc6 3. Bb5 Nd4 4. Nf3 Nxb5 5. Nxb5 d6 6. d4 cxd4 7. Qxd4 Nf6 8.
Qc4 Be6 9. Nc7+ Kd7 10. Nxe6 fxe6 11. O-O Qc7 12. Qd3 g6 13. Bf4 Bg7 14. c4
Rad8 15. e5 Nh5 16. Bg3 Kc8 17. exd6 exd6 18. Qa3 Nxg3 19. hxg3 Qc5 20. b4 Qc6
21. Rac1 Kb8 22. Qb3 Rhe8 23. a4 b6 24. a5 Rc8 25. axb6 Qxb6 26. Qa4 Qc6 27. b5
Qb6 28. Qb4 Qc5 29. Qa5 Qb6 30. Qxb6+ axb6 31. Rc2 Kb7 32. Rd1 Kc7 33. Ra2 Ra8
34. Rdd2 Rxa2 35. Rxa2 Kb7 36. Kf1 Ra8 37. Rxa8 Kxa8 38. Ke2 Kb7 39. Kd3 Kc7
40. Nd4 Bxd4 41. Kxd4 Kd7 42. f4 Ke7 43. g4 Kf6 44. Ke4 h6 45. g3 g5 46. f5 Ke7
47. fxe6 Kxe6 48. Kd4 d5 49. cxd5+ Kd6 50. Ke4 Kd7 51. Ke5 Ke7 52. d6+ Kd7 53.
Kd5 Kd8 54. Kc6 Kc8 55. Kxb6 Kd7 56. Kc5 Kd8 57. b6 Kc8 58. Kc6 Kb8 59. d7 h5
60. d8=Q# {FolioPierre est échec et mat} 1-0

[Event "Champ FRA - Under 12"]
[Site "Europe Echecs"]
[Date "2020.07.08"]
[Round "3"]
[White "FamelDiane"]
[Black "DeladerriereAp"]
[Result "1/2-1/2"]
[WhiteElo "1366"]
[BlackElo "1702"]
[PlyCount "69"]
[EventDate "2020.??.??"]

1. e4 e6 2. d4 d5 3. e5 c5 4. Nf3 Nc6 5. Bd3 Nh6 6. O-O Nf5 7. c3 cxd4 8. Bxf5
exf5 9. cxd4 Be7 10. Nc3 Be6 11. Qc2 g5 12. Rd1 h5 13. Ne2 Rc8 14. Qb3 b6 15.
a4 g4 16. Ne1 h4 17. h3 gxh3 18. Qxh3 f4 19. Qd3 h3 20. Nxf4 hxg2 21. Nexg2 Nb4
22. Qd2 Rc2 23. Qe3 Bg5 24. Qb3 Qe7 25. Nxe6 Bxc1 26. Ng7+ Kf8 27. Raxc1 Rxc1
28. Rxc1 Kxg7 29. Qg3+ Kh7 30. Qh3+ Kg7 31. Qg4+ Kh7 32. Qh5+ Kg7 33. Qg4+ Kh6
34. Qh3+ Kg7 35. Qg4+ {Nulle par répétition} 1/2-1/2

[Event "Champ FRA - Under 12"]
[Site "Europe Echecs"]
[Date "2020.07.08"]
[Round "3"]
[White "KassabChadi"]
[Black "SchutzBastien"]
[Result "1-0"]
[WhiteElo "1659"]
[BlackElo "1343"]
[PlyCount "83"]
[EventDate "2020.??.??"]

1. e4 d5 2. exd5 Qxd5 3. Nc3 Qd8 4. d4 Nf6 5. Nf3 c6 6. Bf4 Bg4 7. Be2 Bxf3 8.
Bxf3 e6 9. O-O Bb4 10. Ne4 Nxe4 11. Bxe4 Nd7 12. c3 Be7 13. Re1 O-O 14. Qd3 Nf6
15. Bf3 Bd6 16. Bg5 h6 17. Bh4 Qc7 18. Bxf6 gxf6 19. h3 Bf4 20. Re4 Bg5 21. Bd1
f5 22. Re2 Rad8 23. Bc2 c5 24. Rd1 Rd7 25. g4 Rd5 26. gxf5 Rxf5 27. Re5 Rd8 28.
Rxf5 exf5 29. Qxf5 cxd4 30. Qh7+ Kf8 31. Qh8+ Ke7 32. Re1+ Kd7 33. Qxd4+ Kc8
34. Bf5+ Kb8 35. Qb4 Bd2 36. Re7 Qb6 37. Qxb6 axb6 38. Be4 Ka8 39. Rxb7 Bf4 40.
Rd7+ Kb8 41. Rxd8+ Kc7 42. Rf8 {SchutzBastien a abandonné} 1-0

[Event "Champ FRA - Under 12"]
[Site "Europe Echecs"]
[Date "2020.07.08"]
[Round "3"]
[White "FolioThomas"]
[Black "LevannierGouel"]
[Result "0-1"]
[WhiteElo "1364"]
[BlackElo "1659"]
[PlyCount "72"]
[EventDate "2020.??.??"]

1. e4 c5 2. Nc3 a6 3. a4 e6 4. f4 d5 5. e5 h5 6. Nf3 Nh6 7. g3 Nc6 8. d4 Nf5 9.
Ne2 Be7 10. Bg2 b6 11. c3 Bb7 12. O-O Qd7 13. Qd3 a5 14. Be3 Ba6 15. Qd2 f6 16.
Rfe1 O-O-O 17. Ra3 Bxe2 18. Qxe2 c4 19. Raa1 Rdg8 20. Rab1 fxe5 21. Nxe5 Nxe5
22. dxe5 Nxe3 23. Qxe3 Bc5 24. b4 Bxe3+ 25. Rxe3 Qxa4 26. bxa5 Qxa5 27. f5 Qc5
28. Kf2 Rf8 29. Bh3 g5 30. Ke2 g4 31. Bg2 Rxf5 32. Ra1 Kb7 33. Rd1 Rhf8 34. Kd2
Rf2+ 35. Kc1 Qa3+ 36. Kb1 Qb2# {FolioThomas est échec et mat} 0-1

[Event "Champ FRA - Under 12"]
[Site "Europe Echecs"]
[Date "2020.07.08"]
[Round "3"]
[White "DruonThibault"]
[Black "ZejliMehdi"]
[Result "1-0"]
[WhiteElo "1644"]
[BlackElo "1241"]
[PlyCount "101"]
[EventDate "2020.??.??"]

1. d4 e6 2. c4 d5 3. Nc3 Nf6 4. cxd5 exd5 5. Bg5 Bb4 6. e3 Qd6 7. Bd3 Bxc3+ 8.
bxc3 Ne4 9. Bf4 Qa3 10. Qc2 Qxc3+ 11. Qxc3 Nxc3 12. Bxc7 Nc6 13. Kd2 Ne4+ 14.
Bxe4 dxe4 15. Ne2 O-O 16. Nc3 f5 17. Rab1 b6 18. Rhc1 Bb7 19. d5 Na5 20. d6
Nc4+ 21. Ke1 Rac8 22. Nb5 Ne5 23. Kd1 Nd3 24. Rc2 Ba6 25. Nxa7 Ra8 26. Nc6 Rac8
27. Rxb6 Bc4 28. Rxc4 Nxf2+ 29. Ke2 Ng4 30. Na7 Ra8 31. Nb5 Rac8 32. d7 Ra8 33.
d8=Q Rfxd8 34. Bxd8 Rxd8 35. a4 Nxh2 36. a5 Ra8 37. a6 Ng4 38. a7 Nf6 39. Rb8+
Rxb8 40. axb8=Q+ Kf7 41. Nd6+ Kg6 42. Ne8 Kf7 43. Nxf6 Kxf6 44. Qf4 Kg6 45.
Rc6+ Kh5 46. Qh2+ Kg5 47. Qe5 g6 48. Qf6+ Kh6 49. Qh4+ Kg7 50. Rc7+ Kg8 51.
Qd8# {ZejliMehdi est échec et mat} 1-0